| 000 | 00850nam a22002177a 4500 | ||
|---|---|---|---|
| 999 |
_c18738 _d18738 |
||
| 003 | AR-CdUCM | ||
| 008 | 190515b ||||| |||| 00| 0 spa d | ||
| 040 |
_aMUNICIPALIDAD PROVINCIAL DEL CUSCO _cBIBLIOTECA MUNICIPAL DEL CUSCO |
||
| 082 |
_a355.6 / _bT81 |
||
| 100 |
_aTrigoso Zagaceta, Diómedes A. _939502 |
||
| 245 |
_aJusticia administrativa : _bFaltas y sanciones procesos administrativos disciplinarios / |
||
| 260 |
_aLima : _bSan Marcos, _c1996. |
||
| 300 |
_a163 páginas ; _c25 cm. |
||
| 505 | _aContenido : Faltas disciplinarios de los funcionarios y servidores públicos -- Proceso administrativo -- Procedimiento en general... | ||
| 650 |
_aFaltas disciplinarias _939503 |
||
| 650 |
_aFuncionarios _927753 |
||
| 650 |
_aGrados de sanción _939504 |
||
| 650 |
_aProcedimientos generales _939505 |
||
| 942 |
_2ddc _cLIBROS |
||
| 945 | _arcc | ||